000 00407nam a2200157Ia 4500
008 240729s9999 xx 000 0 und d
022 _a1476-9255
245 0 _aJournal of Inflammation
260 _aUnited Kingdom
260 _bBMC
650 _a Therapeutics. Pharmacology
650 _aMedicine
856 _uhttps://doaj.org/toc/d7743c360f8e418fb50badb6d8b921af
942 _2ddc
942 _cDOAJEJ
999 _c74095
_d74095
945 _a1
_bMadushi Gamage
_c1
_dMadushi Gamage